Concha Lagos bajo dominio de la literatura comparada / (Record no. 72870)

MARC details
000 -LEADER
campo de control de longitud fija 00702nam a2200193 i 4500
001 - NÚMERO DE CONTROL
campo de control 72870
003 - IDENTIFICADOR DE NÚMERO DE CONTROL
campo de control ES-MaACL
005 - FECHA Y HORA DE LA ÚLTIMA TRANSACCIÓN
campo de control 20240421063017.0
007 - CAMPO FIJO DE DESCRIPCIÓN FÍSICA--INFORMACIÓN GENERAL
campo de control de longitud fija t|
008 - DATOS DE LONGITUD FIJA--INFORMACIÓN GENERAL
campo de control de longitud fija 040903s1981 sp ||||1| spa d
100 0# - ENTRADA PRINCIPAL--NOMBRE DE PERSONA
Nombre de persona Gómez Gil, Alfredo,
Fechas asociadas al nombre 1936-
9 (RLIN) 57969
245 10 - MENCIÓN DEL TÍTULO
Título Concha Lagos bajo dominio de la literatura comparada /
Mención de responsabilidad, etc. Alfredo Gómez Gil.
260 ## - PUBLICACIÓN, DISTRIBUCIÓN, ETC.
Lugar de publicación, distribución, etc. Alicante :
Nombre del editor, distribuidor, etc. Instituto de Estudios Alicantinos,
Fecha de publicación, distribución, etc. [1981]
300 ## - DESCRIPCIÓN FÍSICA
Extensión 343 p. ;
Dimensiones 22 cm.
490 1# - MENCIÓN DE SERIE
Mención de serie Publicaciones del Instituto de Estudios Alicantinos. Serie I ;
Designación de volumen o secuencia 70
830 0# - PUNTO DE ACCESO ADICIONAL DE SERIE-TÍTULO UNIFORME
Título uniforme Publicaciones del Instituto de Estudios Alicantinos. Serie I ;
Designación de volumen o secuencia 70
9 (RLIN) 183372
852 ## - LOCALIZACIÓN
Ubicación ES-MaACL
Número de control de estantería L-2273
Sublocalización o colección R.102795
Holdings
Estatus retirado Estado de pérdida Estado de daño No para préstamo Biblioteca de origen Biblioteca actual Ubicación en estantería Fecha de adquisición Fuente de adquisición Total de préstamos Signatura topográfica completa Código de barras Visto por última vez Precio de reemplazo Tipo de ítem Koha
        Biblioteca del Ateneo de Madrid Biblioteca del Ateneo de Madrid Depósito 2 17/01/2008     L-2273 1076280 23/02/2023 23/02/2023 Libro impreso